Application of microwave-assisted fenton-reaction for enhanced organic matter removal in wastewater treatment

Elmentve itt :
Bibliográfiai részletek
Szerzők: Jákói Zoltán
Haranghy Laura
Hodúr Cecilia
Beszédes Sándor
Dokumentumtípus: Könyv része
Megjelent: University of Szeged Szeged 2020
Sorozat:Proceedings of the 26th International Symposium on Analytical and Environmental Problems
mtmt:31671584
Online Access:http://publicatio.bibl.u-szeged.hu/19964
LEADER 00890naa a2200229 i 4500
001 publ19964
005 20201208123229.0
008 201208s2020 hu o 0|| zxx d
020 |a 9789633067710 
024 7 |a 31671584  |2 mtmt 
040 |a SZTE Publicatio Repozitórium  |b hun 
041 |a zxx 
100 1 |a Jákói Zoltán 
245 1 0 |a Application of microwave-assisted fenton-reaction for enhanced organic matter removal in wastewater treatment  |h [elektronikus dokumentum] /  |c  Jákói Zoltán 
260 |a University of Szeged  |b Szeged  |c 2020 
300 |a 4 
300 |a 173-176 
490 0 |a Proceedings of the 26th International Symposium on Analytical and Environmental Problems 
700 0 1 |a Haranghy Laura  |e aut 
700 0 1 |a Hodúr Cecilia  |e aut 
700 0 1 |a Beszédes Sándor  |e aut 
856 4 0 |u http://publicatio.bibl.u-szeged.hu/19964/1/publicatio_cimlap_fulltext_2.pdf  |z Dokumentum-elérés